Spectral theory of differential operators : proceedings of the conference held at the University of Alabama in Birmingham, Birmingham, Alabama, U.S.A., March 26-28, 1981 /

Guardado en:
Autor Corporativo: International Conference on Spectral Theory of Differential Operators
Otros Autores: Knowles, Ian W. (Editor ), Lewis, Roger T. (Editor )
Formato: Libro
Idioma:English
Publicado: Amsterdam : North-Holland, c1981.
Series:North-Holland mathematics studies ; 55
Materias:
Etiquetas: Agregar Etiqueta
Sin Etiquetas, Sea el primero en etiquetar este registro!
LEADER 01198nam a2200265 a 4500
001 MAT.inmabb002838
008 820219s1981####ne#######b####100#0#eng##
005 20130214151727.0
245 0 0 |a Spectral theory of differential operators :  |b proceedings of the conference held at the University of Alabama in Birmingham, Birmingham, Alabama, U.S.A., March 26-28, 1981 /  |c edited by Ian W. Knowles and Roger T. Lewis. 
260 |a Amsterdam :  |b North-Holland,  |c c1981. 
300 |a xv, 384 p. ;  |c 24 cm. 
440 0 |a North-Holland mathematics studies ;  |v 55 
500 |a "Lectures given at the International Conference on Spectral Theory of Differential Operators"--Pref. 
504 |a Incluye referencias bibliográficas. 
510 4 |a MR,  |c 82k:34002 
020 |a 0444862773 
700 1 |a Knowles, Ian W.  |4 edt 
700 1 |a Lewis, Roger T.  |4 edt 
711 2 |a International Conference on Spectral Theory of Differential Operators  |d (1981 :  |c University of Alabama) 
650 0 |a Differential operators  |x Congresses. 
650 0 |a Spectral theory (Mathematics)  |x Congresses. 
084 |a 34-06 (47-06)  |2 msc2000 
010 |a  81214522  
040 |a DLC  |c DLC  |d DLC 
859 |h 34  |i Sp741  |p A-5379  |b BIB. MATEMATICA